|
|
|
|
| LEADER |
00000ny a22000003n 4500 |
| 005 |
20110511103236.0 |
| 008 |
770822c19759999us mx p 0 a0eng d |
| 022 |
0 |
|
|a 0147-6041
|
| 035 |
|
|
|a 2840
|
| 040 |
|
|
|a UCA
|d vLex
|
| 090 |
|
|
|c 1611
|d 1611
|
| 245 |
0 |
0 |
|a State legislatures
|h [Recurso electrn̤ico]
|
| 256 |
|
|
|a Servicio en ln̕ea
|
| 260 |
|
|
|a [Denver] :
|b [National Conference of State Legislatures]
|
| 310 |
|
|
|a 10 nm︢eros al aǫ
|
| 506 |
1 |
|
|a Contenido solo disponible en los productos indicados
|d vLex Global
|d vLex Global (Academic Edition, excluding Law Schools)
|d vLex Global (Academic Edition, Law Schools)
|
| 650 |
0 |
4 |
|a Parlamentos
|z Estados Unidos
|x Publicaciones perid̤icas
|
| 650 |
0 |
4 |
|a Government
|
| 650 |
0 |
4 |
|a Citizenship & Politics
|
| 650 |
0 |
4 |
|a Government
|
| 651 |
|
4 |
|a Estados Unidos
|x Polt̕ica y gobierno
|x Publicaciones perid̤icas
|
| 710 |
2 |
|
|a National Conference of State Legislatures
|
| 740 |
0 |
|
|a vLex Revista (Servicios en ln̕ea)
|
| 843 |
|
|
|a Electrn̤ica. Abierta
|
| 853 |
|
|
|8 1
|i (year)
|j (month)
|k (day)
|
| 856 |
4 |
0 |
|u http://vlex.com/source/2840
|z Acceso restringido
|
| 942 |
|
|
|c REV
|
| 999 |
0 |
0 |
|a Legislative bodies
|z United States
|v Periodicals.
|
| 999 |
0 |
0 |
|a State governments
|v Periodicals.
|